| 000 | 00650nam a22002297a 4500 | ||
|---|---|---|---|
| 005 | 20170124110101.0 | ||
| 010 | _a317722 | ||
| 020 | _c10.00 | ||
| 035 | _a317722 | ||
| 037 | _bCen Lib/Ret | ||
| 040 |
_aDPL _bEN |
||
| 082 |
_a958.8 _bSAR |
||
| 100 |
_aSarkar, S.S. _927173 |
||
| 245 |
_aAncient races Baluchistan, Punjab, and Sind / _cby S.S. Sarkar |
||
| 260 |
_aCalcutta _bBookland Private Limited _c1964 |
||
| 270 |
_a80/6, Grey Street _bCalcutta |
||
| 300 |
_axiv,105p. _c20cm(Hb) |
||
| 500 | _aIncludes index | ||
| 650 |
_aIndian History _9105149 |
||
| 650 |
_aAnthropology _97607 |
||
| 942 |
_2ddc _cEN _h958.8 _mSAR |
||
| 999 |
_c129709 _d129709 |
||